| 000 | 00457cam a2200181ua 4500 | ||
|---|---|---|---|
| 020 | _c15.00 | ||
| 041 |
_aeng _h |
||
| 082 |
_a596 _bROM/VE |
||
| 100 | _aRomer, Alfred Sherwood . | ||
| 245 |
_aVertebrate body / _cAlfred Sherwood Romer. _hTextual Documents |
||
| 250 |
_a3 / _b. |
||
| 260 |
_aMumbai : _bVakils, Jeffer and Simon Pvt Ltd , _c1986. |
||
| 300 | _a627 ; . | ||
| 365 | _a15.00 | ||
| 504 | _a | ||
| 942 | _cBK | ||
| 999 |
_c10006 _d10006 |
||